Introduction to bioinformatics

Gorde:
Xehetasun bibliografikoak
Egile nagusia: Lesk, Arthur M (Egilea)
Formatua: Liburua
Hizkuntza:ingelesa
Argitaratua: Oxford Oxford University Press 2008
Edizioa:3a. ed
Gaiak:
Etiketak: Etiketa erantsi
Etiketarik gabe, Izan zaitez lehena erregistro honi etiketa jartzen!

MARC

LEADER 00000nam a2200000 a 4500
001 UCH0615
003 CL-VaPUC
008 090320e20080000UK |||||||||||||||||eng|d
020 |a 9780199208043 
082 0 4 |a 570.285  |b LES  |2 21 
100 |a Lesk, Arthur M  |e author  |9 586117 
245 1 0 |a Introduction to bioinformatics 
250 |a 3a. ed 
300 |a 474 p 
942 |c BK 
945 |d 20090320 00:00:00  |a rbrito 
260 |a Oxford  |b Oxford University Press  |c 2008 
650 0 |a Biología  |9 262022 
650 0 |a Informática   |9 260044 
650 0 |a Programas de computación   |9 334383 
650 0 |a Métodos estadísticos   |9 259407 
650 0 |a Análisis estadístico  |9 269506 
583 |a last modification  |c 20140403 04:23:26  |k Rodrigo Vera 
999 |c 332897  |d 332895 
952 |0 0  |1 0  |4 0  |6 570_285000000000000_LES_2008  |7 0  |8 A  |9 420950  |a BIBCUR  |b BIBCUR  |d 2019-11-22  |i 4520912  |l 1  |o 570.285 LES 2008  |p 4520912  |r 2025-04-22  |s 2022-03-23  |w 2019-11-22  |y BK  |k CBQ 
952 |0 0  |1 0  |4 0  |6 570_285000000000000_LES_2008  |7 0  |8 A  |9 420951  |a BIBCUR  |b BIBCUR  |d 2019-11-22  |i 4520920  |l 2  |o 570.285 LES 2008  |p 4520920  |r 2025-05-09  |s 2025-04-09  |w 2019-11-22  |y BK  |k CBQ